000
00392nam a22001217a 4500
003
SGT
082
_a
891.4309
_b
B11S
100
_a
सहगल, नरेंद्र
245
_a
भारत का राष्ट्रिय उद्घोष : जय श्री राम
260
_b
सूर्य भारती प्रकाशन
_c
2011
300
_a
192
942
_2
ddc
_c
BK
999
_c
30218
_d
30218